| 000 | 00492nam a22002057a 4500 | ||
|---|---|---|---|
| 001 | 21532 | ||
| 005 | 20260311113544.0 | ||
| 008 | 260311b |||||||| |||| 00| 0 spa d | ||
| 041 | _aING | ||
| 082 |
_a621.381 _bM84 |
||
| 100 | _aMonk, Simon | ||
| 245 | _aProgramming arduino next steps: going further with sketches | ||
| 260 |
_a : _b , _c2014 |
||
| 300 |
_a264 páginas; _b ; _c21 cm. |
||
| 440 | _a ; | ||
| 650 | _aTCA | ||
| 654 | _aCET | ||
| 700 | _a; | ||
| 942 |
_cLIB _dJUS _fJUS _2ddc |
||
| 999 |
_c21532 _d21532 |
||